| LEADER : 00000nam 2200000uu 4500 |
| 001 13399128589 |
| 003 ULIB |
| 008 230912s2565||||th 000 0 tha d |
| 020 ^a9786163987037
|
| 060 04 ^aWY105^bอ259ท
|
| 100 0 ^aอภิรดี นันท์ศุภวัฒน์ (บรรณาธิการ)
|
| 245 10 ^aทักษะในการบริหารทางการพยาบาล/^cอภิรดี นันท์ศุภวัฒน์ (บรรณาธิการ)
|
| 246 31 ^aSkills of nursing management
|
| 250 ^aพิมพ์ครั้งที่ 2 (ฉบับปรับปรุงครั้งที่ 1)
|
| 260 ^aกรุงเทพฯ :^bโครงการตำราคณะพยาบาลศาสตร์ มหาวิทยาลัยเชียงใหม่,^c2565
|
| 300 ^a179 หน้า ;^c25 ซม.
|
| 650 4 ^aการพยาบาล^xการบริหาร
|
| 650 4 ^aการพยาบาล, บริการ^xองค์การและการบริหาร
|
| 650 4 ^aการบริหารการพยาบาล
|
| 650 4 ^aผู้นำ
|
| 650 0 ^aพยาบาลและการพยาบาล
|
| 710 2 ^aมหาวิทยาลัยเชียงใหม่.^bคณะพยาบาลศาสตร์
|
| 856 ^a^zสารบัญ^uhttps://drive.google.com/file/d/1Bnx__DH3lCsSsM1CO3H9zuMsQQQB_GrB/view?usp=share_link
|
| 945 ^p150^l0^i29797
|
| 945 ^p150^l0^i29798
|
| 945 ^p150^l0^i30179
|
| 945 ^p150^l0^i30180 |
| 999 ^aกัณชพร จุลอักษร
|